Northern Mariana Islands Former and Current Municipalities - Statistics

General Stats
  • This quiz has been taken 5 times
    4 since last reset
  • The average score is 11 of 83
Answer Stats
Municipality % Correct
Achugao
67%
Dandan
67%
Kagman
67%
Afetnas
33%
Agrihan
33%
Alamagan
33%
Anatahan
33%
As Lito
33%
As Matuis
33%
As Perdido
33%
Capitol Hill
33%
Chalan Kanoa
33%
Chalan Piao
33%
Dagu
33%
Garapan
33%
Gualo Rai
33%
Koblerville
33%
Laulau
33%
Navy Hill
33%
Puerto Rico
33%
San Antonio
33%
San Jose
33%
San Roque
33%
San Vicente
33%
Sarigan
33%
Sinapalo
33%
Songsong
33%
Susupe
33%
Tanapag
33%
Agingan
0%
As Akina
0%
As Falipe
0%
As Gonna
0%
As Mahetog
0%
As Palacios
0%
As Rabagau
0%
As Teo
0%
As Terlaje
0%
Banaderu
0%
Bandara
0%
Bird Island
0%
Capital Hill
0%
Carolinas Heights
0%
Chacha
0%
Chalan Galaide
0%
Chalan Galaidi
0%
Chalan Kiya
0%
Chalan Laulau
0%
Chalan Rueda
0%
Fananganan
0%
Fanonchuluyan
0%
Fina Sisu
0%
Hilaihai
0%
I Akgak
0%
I Denni
0%
I Fadang
0%
I Liyang
0%
I Maddok
0%
I Naftan
0%
I Pitot
0%
Kalabera
0%
Kannat Tabla
0%
Laulau Bay
0%
Lower Base
0%
Managaha
0%
Marasu
0%
Marpi
0%
Marpo Heights
0%
Marpo Valley
0%
Matansa
0%
Maturana Hill
0%
Nanasu
0%
Opyan
0%
Papago
0%
Pidos Kahalo
0%
Sabaneta
0%
Sadog Tasi
0%
Shinapaaru
0%
Shomushon
0%
Talafofo
0%
Tapochao
0%
Tinian Village
0%
Unai Dankulo
0%
No matching quizzes found
Score Distribution
Percent of People with Each Score
Percentile by Number Answered
Your Score History
You have not taken this quiz since the last reset